One piece surnom - Statistiques

Statistiques générales
  • Ce quiz a été pris 1 964 fois
  • Le résultat moyen est 43 sur 68
Statistiques - réponses
Surnom Personnage % Correct
Chapeau de paille Monkey D. Luffy
100%
Le roux Shanks
99%
Le roi des pirates Gol D. Roger
98%
Le chasseur de pirate Roronoa Zoro
97%
La jambe noire Vinsmoke Sanji
97%
Aux cents bêtes Kaido
95%
Barbe noire Marshall D. Teach
95%
Aux poings ardents Portgas D. Ace
95%
Le chirurgien de la mort Trafalgar D. Water Law
95%
Oeil de faucon Dracule Mihawk
93%
Big mom Charlotte Linlin
92%
Barbe blanche Edward Newgate
92%
Le paladin des mers Jinbe
92%
Le phœnix Marco
91%
Le héros de la marine Monkey D. Garp
91%
Soul King Brook
90%
Le cyborg Franky
90%
L'enfant du démon Nico Robin
90%
Mr 0 Sir Crocodile
89%
L'impératrice pirate Boa Hancock
84%
Le bouddha Sengoku
84%
Le fan de barbes à papa Tony-tony Chopper
83%
Le chien rouge Akainu
82%
Le clown aux mille pièces Baggy
82%
Le chaton chapardeur Nami
81%
Le faisan bleu Aokiji
79%
L'empereur des flammes Sabo
79%
Le singe jaune Kizaru
77%
Le roi des tireurs Usopp
75%
Le démon céleste Don Quijote Doflamingo
73%
Le tigre violet Fujitora
72%
Le Tyran Bartholomew Kuma
68%
Le Moine Fou Urouge
68%
La gloutonne Jewelry Bonney
67%
La pandémie Queen
66%
L'incendie King
65%
Le seigneur des ténèbres Rayleigh
64%
Kozuki Oden Yamato
64%
Aux cheval blanc Cavendish
62%
La sécheresse Jack
60%
La Princesse Fantôme Perona
60%
De la Pluie Shiliew
58%
Miss Wednesday Nefertari Vivi
57%
Le chasseur blanc Smoker
56%
La Hyène Bellamy
54%
Le renard à la flamme Kinemon
49%
Le magicien Basil Hawkins
48%
Le taureaux vert Ryokugyu
40%
Poison Pink Vinsmoke Reiju
40%
Mr 3 Galdino
39%
Le Massacreur Killer
38%
Le canibale Bartolomeo
37%
La tignasse humide Caribou
37%
La marée rugicante Scratchmen Apoo
35%
Champion Jesus Burgess
34%
La reine des miracles Emporio Ivankov
32%
Le pavillon rouge X-drake
31%
Electric Blue Vinsmoke Niji
30%
Sparking Red Vinsmoke Ichiji
29%
Maître César Clown
28%
Mr 1 Das bone
28%
Mr 2 Bentham
27%
Winch Green Vinsmoke Yonji
27%
De la brume Raizo
20%
Des neiges printanières Kikunujo
17%
Garuda Vinsmoke Judge
17%
Aux Mille Bras Charlotte Cracker
13%
Des Cimes Pedro
9%
Aucun quiz correspondant
Distribution des résultats
% des personnes avec chaque résultat
Percentile par nombre de réponses
Votre historique - résultats
Vous n’avez pas pris ce quiz